Pensar la ciencia / (Registro nro. 3262)

Detalles MARC
000 -CABECERA
campo de control de longitud fija 01519nam a22003375b 4500
001 - NÚMERO DE CONTROL
campo de control bimo0000444360
003 - IDENTIFICADOR DEL NÚMERO DE CONTROL
campo de control AR-RoIUNI
005 - FECHA Y HORA DE LA ÚLTIMA TRANSACCIÓN
campo de control 20210315133432.0
007 - CAMPO FIJO DE DESCRIPCIÓN FÍSICA--INFORMACIÓN GENERAL
campo de control de longitud fija ta
008 - DATOS DE LONGITUD FIJA--INFORMACIÓN GENERAL
campo de control de longitud fija 950615s1994 sp | r ||| ||spa d
016 7# - NÚMERO DE CONTROL DE UNA AGENCIA BIBLIOGRÁFICA NACIONAL
Número de control del registro bimoBNE19950188366
Fuente SpMaBN
017 ## - NÚMERO DE COPYRIGHT O DE DEPÓSITO LEGAL
Número de copyright o de depósito legal B 29997-1994
Agencia que asigna Oficina Depósito Legal Barcelona
020 ## - NÚMERO INTERNACIONAL ESTÁNDAR DEL LIBRO
Número Internacional Estándar del Libro 8449300460
035 ## - NÚMERO DE CONTROL DEL SISTEMA
Número de control de sistema (OCoLC)318363722
040 ## - FUENTE DE LA CATALOGACIÓN
Centro catalogador/agencia de origen SpMaBN
Centro/agencia transcriptor AR-RoIUNI
041 1# - CÓDIGO DE LENGUA
Código de lengua del texto/banda sonora o título independiente spa
Código de lengua original fre
080 ## - NÚMERO DE LA CLASIFICACIÓN DECIMAL UNIVERSAL
Número de la Clasificación Decimal Universal 167
100 1# - ENTRADA PRINCIPAL--NOMBRE DE PERSONA
Nombre de persona Koyré, Alexandre
Fechas asociadas al nombre 1882-1964
240 10 - TÍTULO UNIFORME
Título uniforme <a href="Études d'histoire de la pensée philosophique">Études d'histoire de la pensée philosophique</a>
Lenguaje de la obra Español
Subencabezamiento de forma Selección
245 10 - MENCIÓN DE TÍTULO
Título Pensar la ciencia /
Mención de responsabilidad, etc. Alexandre Koyré ; introducción de Carlos Solís ; [traducción de Antonio Beltrán Marí].
250 ## - MENCIÓN DE EDICIÓN
Mención de edición 1a ed.
260 ## - PUBLICACIÓN, DISTRIBUCIÓN, ETC. (PIE DE IMPRENTA)
Lugar de publicación, distribución, etc. Barcelona ; Buenos Aires :
Nombre del editor, distribuidor, etc. Paidós,
Fecha de publicación, distribución, etc. 1994.
300 ## - DESCRIPCIÓN FÍSICA
Extensión 145 p. ;
Dimensiones 20 cm.
490 0# - MENCIÓN DE SERIE
Mención de serie Pensamiento contemporáneo ;
Designación de volumen o secuencia 34
505 0# - NOTA DE CONTENIDO CON FORMATO
Nota de contenido con formato Introducción, por Carlos Solís -- vida de Koyré -- Una historia de la ciencia metafísicamente motivida -- Una historia inmanente -- La confusión entre internismo e idealismo -- Principales obras de Koyré sobre la historia de la ciencia -- Algunos escritos sobre Alexandre Koyré -- Pensar la ciencia. 1. La influencia de las concepciones filosóficas en las teorías científicas -- 2. Los filósofos y la máquina -- 3. Del mundo del <<aproximadamente>>al universo de la precisión.
650 #4 - PUNTO DE ACCESO ADICIONAL DE MATERIA--TÉRMINO DE MATERIA
Término de materia o nombre geográfico como elemento inicial PSICOLOGÍA
9 (RLIN) 108
650 #4 - PUNTO DE ACCESO ADICIONAL DE MATERIA--TÉRMINO DE MATERIA
Término de materia o nombre geográfico como elemento inicial FILOSOFÍA
9 (RLIN) 77
650 #4 - PUNTO DE ACCESO ADICIONAL DE MATERIA--TÉRMINO DE MATERIA
Término de materia o nombre geográfico como elemento inicial CIENCIA
9 (RLIN) 97
700 1# - PUNTO DE ACCESO ADICIONAL--NOMBRE DE PERSONA
Nombre de persona Solís, Carlos
942 ## - ELEMENTOS DE PUNTO DE ACCESO ADICIONAL (KOHA)
Fuente del sistema de clasificación o colocación Clasificación Decimal Universal
Tipo de ítem Koha Libros
Existencias
Estado de retiro Estado de pérdida Fuente del sistema de clasificación o colocación Estado dañado Excepción de préstamo Código de colección Localización permanente Ubicación/localización actual Ubicación en estantería Fecha de adquisición Número de inventario Total de préstamos Signatura topográfica completa Código de barras Fecha visto por última vez Fecha del último préstamo Número de copia Precio válido a partir de Tipo de ítem Koha Nota pública
    Clasificación Decimal Universal     Psicología BIBLIOTECA RIOBAMBA BIBLIOTECA RIOBAMBA BIBLIOTECA RIOBAMBA 01/08/2016 3361 1 167 KOY 3361 14/09/2017 13/09/2017 1 13/09/2016 Libros Donación Pablo Zöpke